000 00483nam a22001817a 4500
999 _c5567
_d5567
003 GBCCL
005 20241126110545.0
008 180327b ||||| |||| 00| 0 eng d
020 _a0919586155
040 _cgbc
082 _a220.15
_bHAR
100 _aHarlow, R.E.
_97390
245 _aWhat next?:
_bA primer on prophecy /
_cR.E. Harlow
260 _aCanada:
_bEveryday Publications,
_c1972
300 _a192 p.;
_bill.,
_c21 cm.
650 _aBible
_vProphecy
_94622
942 _2ddc
_cBK